Introduction to cosmology / (Record no. 30212)

000 -LEADER
fixed length control field 00511 a2200169 4500
020 ## - INTERNATIONAL STANDARD BOOK NUMBER
International Standard Book Number 0470849096
020 ## - INTERNATIONAL STANDARD BOOK NUMBER
International Standard Book Number 9780470849095
082 ## - DEWEY DECIMAL CLASSIFICATION NUMBER
Classification number 523.1
090 ## - LOCALLY ASSIGNED LC-TYPE CALL NUMBER (OCLC); LOCAL CALL NUMBER (RLIN)
-- 1603
-- 1603
100 1# - MAIN ENTRY--PERSONAL NAME
Personal name Roos, Matts.
245 10 - TITLE STATEMENT
Title Introduction to cosmology /
Statement of responsibility, etc. Matts Roos.
250 ## - EDITION STATEMENT
Edition statement 3rd ed.
260 ## - PUBLICATION, DISTRIBUTION, ETC.
Place of publication, distribution, etc. [S.l.] :
Name of publisher, distributor, etc. Wiley,
Date of publication, distribution, etc. 2003.
300 ## - PHYSICAL DESCRIPTION
Extent 294 p. ;
Dimensions 26 cm.
942 ## - ADDED ENTRY ELEMENTS (KOHA)
Institution code [OBSOLETE] SNS
Koha item type Book
Call number prefix 523.1 ROO
Holdings
Withdrawn status Lost status Source of classification or shelving scheme Damaged status Not for loan Permanent Location Current Location Shelving location Date acquired Full call number Barcode Date last seen Price effective from Koha item type
        Not For Loan School of Natural Sciences (SNS) School of Natural Sciences (SNS) Reference 05/26/2016 523.1 ROO SNS0001780 05/26/2016 05/26/2016 Book
© 2023 Central Library, National University of Sciences and Technology. All Rights Reserved.